Statistics for Japanese Animal Words

Click here to take the quiz!

General Stats

  • This quiz has been taken 41 times
  • The average score is 11 of 20

Answer Stats

JapaneseKanjiEnglish% Correct
ネコCat
91%
イヌDog
83%
ウサギRabbit
81%
トリBird
76%
パンダNoneGiant panda
70%
ウシCow
67%
ペンギンNonePenguin
67%
サカナFish
65%
カピバラNoneCapybara
64%
ウマHorse
62%
ヘビSnake
59%
キツネFox
58%
ライオンNoneLion
56%
トラTiger
56%
ハチBee
50%
ヤギ山羊Goat
50%
ヒツジSheep
50%
ニワトリChicken
48%
ブタPig
48%
クマBear
47%
クジラWhale
46%
サルMonkey
44%
サメShark
42%
クラゲ海月Jellyfish
41%
チョウButterfly
25%
カタツムリ蝸牛Snail
25%
カモDuck
22%

Score Distribution

Percentile by Number Answered

Percent of People with Each Score

Your Score History

You have not taken this quiz